| 000 | 00536cam a2200181 4500500 | ||
|---|---|---|---|
| 005 | 20260405001520.0 | ||
| 041 | _afre | ||
| 042 | _adc | ||
| 100 | 1 | 0 |
_aPortevin, Catherine _eauthor |
| 245 | 0 | 0 | _aL’élargissement moral |
| 260 | _c2013. | ||
| 500 | _a45 | ||
| 690 | _aAltruisme | ||
| 690 | _aMorale | ||
| 690 | _aTranshumanisme | ||
| 786 | 0 | _nPhilosophie magazine | 71 | 7 | 2013-07-01 | p. 60-60 | 1951-1787 | |
| 856 | 4 | 1 | _uhttps://shs.cairn.info/magazine-philosophie-magazine-2013-7-page-60?lang=fr&redirect-ssocas=7080 |
| 999 |
_c2048454 _d2048454 |
||